Statistics for Countries Names with unique first/last 2 letters

Click here to take the quiz!

General Stats

  • This quiz has been taken 128 times
  • The average score is 4 of 11

Answer Stats

COUNTRY % Correct
EG y PT
46%
ZI mbab WE
41%
IS ra EL
38%
CU BA
31%
KO so VO
31%
LU xembou RG
31%
IT a LY
29%
KU wa IT
29%
HU nga RY
27%
VI etn AM
27%
SR i lan KA
22%

Score Distribution

Percentile by Number Answered

Percent of People with Each Score

Your Score History

You have not taken this quiz